[Event "Tournoi International du Pays de Charleroi 2018"]
[Site "Roux, Belgium"]
[Date "2018.08.01"]
[Round "6.23"]
[White "Guion, Geoffrey"]
[Black "De Herdt, Yasseen"]
[Result "1/2-1/2"]
[WhiteElo "1988"]
[BlackElo "2146"]

1. e4 {[%clk 01:30:57]} {[%emt 00:00:02]} c5 {[%clk 01:29:27]} {[%emt
00:01:30]} 2. Nf3 {[%clk 01:31:22]} {[%emt 00:00:08]} d6 {[%clk 01:28:23]}
{[%emt 00:01:35]} 3. Bb5+ {[%clk 01:31:42]} {[%emt 00:00:11]} Bd7 {[%clk
01:28:29]} {[%emt 00:00:24]} 4. Bxd7+ {[%clk 01:32:02]} {[%emt 00:00:09]} Qxd7
{[%clk 01:28:57]} {[%emt 00:00:02]} 5. O-O {[%clk 01:32:16]} {[%emt 00:00:15]}
Nc6 {[%clk 01:28:48]} {[%emt 00:00:40]} 6. Qe2 {[%clk 01:32:37]} {[%emt
00:00:08]} Nf6 {[%clk 01:27:41]} {[%emt 00:01:39]} 7. Rd1 {[%clk 01:32:39]}
{[%emt 00:00:26]} e6 {[%clk 01:19:35]} {[%emt 00:08:37]} 8. d4 {[%clk
01:32:49]} {[%emt 00:00:19]} cxd4 {[%clk 01:19:02]} {[%emt 00:01:04]} 9. Nxd4
{[%clk 01:32:51]} {[%emt 00:00:27]} Nxd4 {[%clk 01:06:07]} {[%emt 00:13:26]} 10.
Rxd4 {[%clk 01:33:15]} {[%emt 00:00:05]} Qc6 {[%clk 01:06:27]} {[%emt
00:00:10]} 11. Nc3 {[%clk 01:30:51]} {[%emt 00:02:53]} Be7 {[%clk 01:04:11]}
{[%emt 00:02:47]} 12. Rc4 {[%clk 01:25:42]} {[%emt 00:05:39]} Qd7 {[%clk
00:57:39]} {[%emt 00:07:02]} 13. Nb5 {[%clk 01:23:12]} {[%emt 00:03:01]} O-O
{[%clk 00:47:13]} {[%emt 00:10:55]} 14. Rc7 {[%clk 01:21:43]} {[%emt 00:02:00]}
Qe8 {[%clk 00:36:58]} {[%emt 00:10:45]} 15. Rxb7 {[%clk 01:20:47]} {[%emt
00:01:25]} Rb8 {[%clk 00:36:02]} {[%emt 00:01:27]} 16. Rxb8 {[%clk 01:01:29]}
{[%emt 00:19:48]} Qxb8 {[%clk 00:36:29]} {[%emt 00:00:03]} 17. c4 {[%clk
01:00:54]} {[%emt 00:01:05]} Rc8 {[%clk 00:36:16]} {[%emt 00:00:43]} 18. Bf4
{[%clk 00:56:37]} {[%emt 00:04:46]} a6 {[%clk 00:32:01]} {[%emt 00:04:46]} 19.
Nxd6 {[%clk 00:43:23]} {[%emt 00:13:43]} Bxd6 {[%clk 00:32:23]} {[%emt
00:00:09]} 20. Bxd6 {[%clk 00:43:44]} {[%emt 00:00:09]} Qxd6 {[%clk 00:32:49]}
{[%emt 00:00:04]} 21. e5 {[%clk 00:44:04]} {[%emt 00:00:10]} Qc5 {[%clk
00:31:49]} {[%emt 00:01:30]} 22. exf6 {[%clk 00:44:20]} {[%emt 00:00:15]} Qxc4
{[%clk 00:32:16]} {[%emt 00:00:03]} 23. Qxc4 {[%clk 00:42:28]} {[%emt
00:02:21]} Rxc4 {[%clk 00:32:44]} {[%emt 00:00:02]} 24. fxg7 {[%clk 00:42:29]}
{[%emt 00:00:29]} a5 {[%clk 00:30:24]} {[%emt 00:02:50]} 25. Kf1 {[%clk
00:41:04]} {[%emt 00:01:54]} Rc2 {[%clk 00:26:58]} {[%emt 00:03:57]} 26. Rb1
{[%clk 00:40:55]} {[%emt 00:00:39]} a4 {[%clk 00:25:15]} {[%emt 00:02:13]} 27.
a3 {[%clk 00:36:25]} {[%emt 00:05:00]} Kxg7 {[%clk 00:25:41]} {[%emt 00:00:04]}
28. b3 {[%clk 00:36:24]} {[%emt 00:00:31]} Ra2 {[%clk 00:24:20]} {[%emt
00:01:51]} 29. bxa4 {[%clk 00:33:33]} {[%emt 00:03:21]} Rxa3 {[%clk 00:24:45]}
{[%emt 00:00:05]} 30. Rb4 {[%clk 00:33:50]} {[%emt 00:00:12]} Ra2 {[%clk
00:25:07]} {[%emt 00:00:09]} 31. g3 {[%clk 00:33:49]} {[%emt 00:00:31]} e5
{[%clk 00:20:46]} {[%emt 00:04:50]} 32. g4 {[%clk 00:26:02]} {[%emt 00:08:16]}
h5 {[%clk 00:11:05]} {[%emt 00:10:12]} 33. g5 {[%clk 00:20:38]} {[%emt
00:05:54]} f6 {[%clk 00:07:37]} {[%emt 00:03:58]} 34. gxf6+ {[%clk 00:19:35]}
{[%emt 00:01:34]} Kxf6 {[%clk 00:08:06]} {[%emt 00:00:01]} 35. Rb6+ {[%clk
00:15:44]} {[%emt 00:04:21]} Kf5 {[%clk 00:07:02]} {[%emt 00:01:33]} 36. Ra6
{[%clk 00:14:28]} {[%emt 00:01:46]} Kg4 {[%clk 00:06:37]} {[%emt 00:00:55]} 37.
Ra8 {[%clk 00:09:09]} {[%emt 00:05:50]} Kh3 {[%clk 00:06:15]} {[%emt 00:00:52]}
38. Ra5 {[%clk 00:05:57]} {[%emt 00:03:42]} h4 {[%clk 00:05:40]} {[%emt
00:01:04]} 39. Rxe5 {[%clk 00:04:43]} {[%emt 00:01:44]} Rxa4 {[%clk 00:05:41]}
{[%emt 00:00:30]} 40. Rg5 {[%clk 00:03:19]} {[%emt 00:01:53]} Kxh2 {[%clk
00:03:38]} {[%emt 00:02:34]} 41. Rg2 {[%clk 00:00:51]} {[%emt 00:02:58]} Kh3
{[%clk 00:01:36]} {[%emt 00:02:31]} 42. Rg5 {[%clk 00:29:44]} {[%emt 00:01:38]}
Kh2 {[%clk 00:31:38]} {[%emt 00:00:27]} 43. Rg2 {[%clk 00:30:06]} {[%emt
00:00:08]} Kh3 {[%clk 00:32:04]} {[%emt 00:00:05]} 44. Rg5 {[%clk 00:30:32]}
{[%emt 00:00:03]} Ra3 {[%clk 00:31:50]} {[%emt 00:00:45]} 45. Rg8 {[%clk
00:28:03]} {[%emt 00:02:59]} Kh2 {[%clk 00:32:05]} {[%emt 00:00:15]} 46. Rg2
{[%clk 00:28:18]} {[%emt 00:00:15]} Kh3 {[%clk 00:32:29]} {[%emt 00:00:05]} 47.
Rg8 {[%clk 00:28:17]} {[%emt 00:00:32]} Rb3 {[%clk 00:32:53]} {[%emt 00:00:06]}
48. Rg7 {[%clk 00:26:39]} {[%emt 00:02:08]} Kh2 {[%clk 00:33:09]} {[%emt
00:00:14]} 49. Rg2 {[%clk 00:27:00]} {[%emt 00:00:08]} Kh3 {[%clk 00:33:30]}
{[%emt 00:00:09]} 50. Rg8 {[%clk 00:27:21]} {[%emt 00:00:10]} Rb2 {[%clk
00:33:47]} {[%emt 00:00:12]} 51. Rg7 {[%clk 00:27:06]} {[%emt 00:00:45]} Kh2
{[%clk 00:34:07]} {[%emt 00:00:10]} 52. Rg2 {[%clk 00:27:31]} {[%emt 00:00:05]}
Kh3 {[%clk 00:34:33]} {[%emt 00:00:04]} 53. Rg8 {[%clk 00:27:53]} {[%emt
00:00:09]} Ra2 {[%clk 00:34:53]} {[%emt 00:00:09]} 54. Rg7 {[%clk 00:28:14]}
{[%emt 00:00:09]} Rc2 {[%clk 00:34:00]} {[%emt 00:01:23]} 55. Rg8 {[%clk
00:28:37]} {[%emt 00:00:08]} Rc5 {[%clk 00:33:27]} {[%emt 00:01:00]} 56. Rg7
{[%clk 00:28:48]} {[%emt 00:00:21]} Rc8 {[%clk 00:33:30]} {[%emt 00:00:28]} 57.
Rg6 {[%clk 00:29:06]} {[%emt 00:00:12]} Rb8 {[%clk 00:33:29]} {[%emt 00:00:30]}
58. Rg7 {[%clk 00:29:29]} {[%emt 00:00:07]} Kh2 {[%clk 00:32:13]} {[%emt
00:01:47]} 59. Rg2 {[%clk 00:29:54]} {[%emt 00:00:04]} Kh3 {[%clk 00:32:38]}
{[%emt 00:00:05]} 60. Rg7 {[%clk 00:30:20]} {[%emt 00:00:04]} Ra8 {[%clk
00:32:59]} {[%emt 00:00:08]} 61. Rg6 {[%clk 00:30:39]} {[%emt 00:00:12]} Ra1+
{[%clk 00:32:40]} {[%emt 00:00:49]} 62. Ke2 {[%clk 00:31:04]} {[%emt 00:00:06]}
Kh2 {[%clk 00:32:40]} {[%emt 00:00:29]} 63. f4 {[%clk 00:27:36]} {[%emt
00:03:58]} Ra5 {[%clk 00:28:23]} {[%emt 00:04:45]} 64. Rg5 {[%clk 00:26:21]}
{[%emt 00:01:47]} Ra2+ {[%clk 00:28:47]} {[%emt 00:00:06]} 65. Kf3 {[%clk
00:26:23]} {[%emt 00:00:28]} h3 {[%clk 00:19:53]} {[%emt 00:09:24]} 66. f5
{[%clk 00:25:13]} {[%emt 00:01:39]} Ra5 {[%clk 00:19:05]} {[%emt 00:01:19]} 67.
Kf4 {[%clk 00:25:16]} {[%emt 00:00:27]} Ra4+ {[%clk 00:17:49]} {[%emt
00:01:47]} 68. Ke4 {[%emt 00:00:40]} 1/2-1/2

[Event "Tournoi International du Pays de Charleroi 2018"]
[Site "Roux, Belgium"]
[Date "2018.08.01"]
[Round "6.24"]
[White "Barbier, Sigiswald"]
[Black "Russian, Carlo"]
[Result "1/2-1/2"]
[WhiteElo "2117"]
[BlackElo "1992"]

1. c4 {[%clk 01:30:56]} {[%emt 00:00:02]} e6 {[%clk 01:30:57]} {[%emt
00:00:03]} 2. g3 {[%clk 01:31:21]} {[%emt 00:00:05]} d5 {[%clk 01:31:23]}
{[%emt 00:00:05]} 3. Bg2 {[%clk 01:31:45]} {[%emt 00:00:05]} Nf6 {[%clk
01:31:49]} {[%emt 00:00:04]} 4. Nf3 {[%clk 01:32:11]} {[%emt 00:00:04]} dxc4
{[%clk 01:32:16]} {[%emt 00:00:04]} 5. Qa4+ {[%clk 01:32:20]} {[%emt 00:00:22]}
Bd7 {[%clk 01:32:40]} {[%emt 00:00:05]} 6. Qxc4 {[%clk 01:32:39]} {[%emt
00:00:11]} c5 {[%clk 01:33:06]} {[%emt 00:00:04]} 7. Ne5 {[%clk 01:28:44]}
{[%emt 00:04:25]} Qc8 {[%clk 01:33:24]} {[%emt 00:00:12]} 8. Qd3 {[%clk
01:26:25]} {[%emt 00:02:48]} Nc6 {[%clk 01:33:44]} {[%emt 00:00:10]} 9. Nxd7
{[%clk 01:26:42]} {[%emt 00:00:14]} Nxd7 {[%clk 01:33:24]} {[%emt 00:00:50]} 10.
Qb5 {[%clk 01:24:04]} {[%emt 00:03:08]} Nd4 {[%clk 01:33:49]} {[%emt 00:00:05]}
11. Qa4 {[%clk 01:24:14]} {[%emt 00:00:20]} b5 {[%clk 01:28:00]} {[%emt
00:06:18]} 12. Qd1 {[%clk 01:23:55]} {[%emt 00:00:49]} Rb8 {[%clk 01:28:26]}
{[%emt 00:00:04]} 13. O-O {[%clk 01:23:17]} {[%emt 00:01:08]} Be7 {[%clk
01:28:35]} {[%emt 00:00:22]} 14. d3 {[%clk 01:18:43]} {[%emt 00:05:04]} O-O
{[%clk 01:28:38]} {[%emt 00:00:27]} 15. Nc3 {[%clk 01:18:06]} {[%emt 00:01:07]}
Rd8 {[%clk 01:22:28]} {[%emt 00:06:40]} 16. a4 {[%clk 01:01:50]} {[%emt
00:16:46]} b4 {[%clk 01:13:37]} {[%emt 00:09:22]} 17. Ne4 {[%clk 00:58:51]}
{[%emt 00:03:28]} Qa6 {[%clk 01:09:19]} {[%emt 00:04:48]} 18. b3 {[%clk
00:55:50]} {[%emt 00:03:30]} h6 {[%clk 01:04:35]} {[%emt 00:05:14]} 19. Be3
{[%clk 00:40:32]} {[%emt 00:15:48]} f5 {[%clk 01:02:46]} {[%emt 00:02:19]} 20.
Nd2 {[%clk 00:37:10]} {[%emt 00:03:52]} Bf6 {[%clk 00:58:07]} {[%emt 00:05:09]}
21. Rc1 {[%clk 00:36:57]} {[%emt 00:00:43]} Rbc8 {[%clk 00:56:44]} {[%emt
00:01:53]} 22. Nc4 {[%clk 00:27:40]} {[%emt 00:09:48]} Nb6 {[%clk 00:55:48]}
{[%emt 00:01:26]} 23. Bxd4 {[%clk 00:23:24]} {[%emt 00:04:45]} Bxd4 {[%clk
00:53:24]} {[%emt 00:02:54]} 24. e4 {[%clk 00:16:13]} {[%emt 00:07:41]} fxe4
{[%clk 00:41:59]} {[%emt 00:11:55]} 25. Bxe4 {[%clk 00:16:38]} {[%emt
00:00:05]} Nd5 {[%clk 00:42:18]} {[%emt 00:00:11]} 26. Kg2 {[%clk 00:16:34]}
{[%emt 00:00:35]} Rf8 {[%clk 00:22:46]} {[%emt 00:20:01]} 27. Qh5 {[%clk
00:16:36]} {[%emt 00:00:27]} Ne7 {[%clk 00:22:01]} {[%emt 00:01:16]} 28. Nd2
{[%clk 00:12:46]} {[%emt 00:04:20]} Qd6 {[%clk 00:14:55]} {[%emt 00:07:36]} 29.
Nf3 {[%clk 00:11:36]} {[%emt 00:01:40]} Bc3 {[%clk 00:14:16]} {[%emt 00:01:09]}
30. Rc2 {[%clk 00:11:36]} {[%emt 00:00:31]} Rf6 {[%clk 00:13:04]} {[%emt
00:01:41]} 31. Nh4 {[%clk 00:08:44]} {[%emt 00:03:22]} Rcf8 {[%clk 00:12:23]}
{[%emt 00:01:11]} 32. Ng6 {[%clk 00:07:18]} {[%emt 00:01:57]} Nxg6 {[%clk
00:11:55]} {[%emt 00:00:59]} 33. Bxg6 {[%clk 00:07:43]} {[%emt 00:00:04]} Qd5+
{[%clk 00:11:41]} {[%emt 00:00:44]} 34. Qxd5 {[%clk 00:06:24]} {[%emt
00:01:49]} exd5 {[%clk 00:12:10]} {[%emt 00:00:01]} 35. Bh5 {[%clk 00:06:47]}
{[%emt 00:00:06]} 1/2-1/2

[Event "Tournoi International du Pays de Charleroi 2018"]
[Site "Roux, Belgium"]
[Date "2018.08.01"]
[Round "6.4"]
[White "Van Malder, Dries"]
[Black "Kasparov, Sergey"]
[Result "0-1"]
[BlackTitle "GM"]
[WhiteElo "2126"]
[BlackElo "2449"]

1. d4 {[%clk 01:30:56]} {[%emt 00:00:03]} d5 {[%clk 01:30:53]} {[%emt
00:00:07]} 2. c4 {[%clk 01:31:17]} {[%emt 00:00:09]} c6 {[%clk 01:31:17]}
{[%emt 00:00:07]} 3. e3 {[%clk 01:31:39]} {[%emt 00:00:08]} Nf6 {[%clk
01:31:40]} {[%emt 00:00:06]} 4. Nc3 {[%clk 01:32:02]} {[%emt 00:00:07]} a6
{[%clk 01:32:01]} {[%emt 00:00:10]} 5. Nf3 {[%clk 01:32:25]} {[%emt 00:00:07]}
Bf5 {[%clk 01:32:23]} {[%emt 00:00:07]} 6. Be2 {[%clk 01:32:27]} {[%emt
00:00:28]} h6 {[%clk 01:32:11]} {[%emt 00:00:43]} 7. O-O {[%clk 01:32:47]}
{[%emt 00:00:10]} e6 {[%clk 01:32:29]} {[%emt 00:00:12]} 8. b3 {[%clk
01:31:33]} {[%emt 00:01:43]} Nbd7 {[%clk 01:32:35]} {[%emt 00:00:24]} 9. Bb2
{[%clk 01:31:49]} {[%emt 00:00:14]} Bd6 {[%clk 01:32:53]} {[%emt 00:00:12]} 10.
Bd3 {[%clk 01:15:25]} {[%emt 00:16:54]} O-O {[%clk 01:31:54]} {[%emt 00:01:30]}
11. h3 {[%clk 01:12:37]} {[%emt 00:03:17]} b5 {[%clk 01:30:54]} {[%emt
00:01:31]} 12. Bxf5 {[%clk 01:03:02]} {[%emt 00:10:05]} exf5 {[%clk 01:28:23]}
{[%emt 00:03:01]} 13. Qd3 {[%clk 01:02:59]} {[%emt 00:00:30]} g6 {[%clk
01:27:53]} {[%emt 00:01:03]} 14. Nd2 {[%clk 01:00:03]} {[%emt 00:03:25]} Re8
{[%clk 01:26:43]} {[%emt 00:01:40]} 15. Rfe1 {[%clk 00:57:18]} {[%emt
00:03:14]} Rb8 {[%clk 01:22:12]} {[%emt 00:05:03]} 16. Rab1 {[%clk 00:53:53]}
{[%emt 00:03:54]} Rb7 {[%clk 01:19:30]} {[%emt 00:03:13]} 17. cxd5 {[%clk
00:43:59]} {[%emt 00:10:23]} cxd5 {[%clk 01:19:34]} {[%emt 00:00:26]} 18. Nf3
{[%clk 00:42:29]} {[%emt 00:02:01]} Qe7 {[%clk 01:16:55]} {[%emt 00:03:09]} 19.
Rbc1 {[%clk 00:42:07]} {[%emt 00:00:51]} Qe6 {[%clk 01:10:30]} {[%emt
00:06:55]} 20. Ne2 {[%clk 00:36:42]} {[%emt 00:05:55]} Qe7 {[%clk 01:05:27]}
{[%emt 00:05:33]} 21. Red1 {[%clk 00:36:01]} {[%emt 00:01:10]} Ne4 {[%clk
00:59:56]} {[%emt 00:06:02]} 22. Rc6 {[%clk 00:26:34]} {[%emt 00:09:57]} Nb8
{[%clk 00:59:25]} {[%emt 00:01:01]} 23. Rc2 {[%clk 00:26:35]} {[%emt 00:00:23]}
Rc7 {[%clk 00:58:36]} {[%emt 00:01:26]} 24. Ne5 {[%clk 00:23:20]} {[%emt
00:03:44]} Rec8 {[%clk 00:57:20]} {[%emt 00:01:46]} 25. Rdc1 {[%clk 00:21:25]}
{[%emt 00:02:25]} Nd7 {[%clk 00:53:12]} {[%emt 00:04:38]} 26. Rxc7 {[%clk
00:18:51]} {[%emt 00:03:05]} Rxc7 {[%clk 00:53:29]} {[%emt 00:00:13]} 27. Rxc7
{[%clk 00:19:16]} Bxc7 {[%clk 00:53:50]} {[%emt 00:00:13]} 28. Nxd7 {[%clk
00:19:30]} {[%emt 00:00:16]} Qxd7 {[%clk 00:54:08]} {[%emt 00:00:12]} 29. f3
{[%clk 00:18:54]} {[%emt 00:01:06]} Ng5 {[%clk 00:52:22]} {[%emt 00:02:16]} 30.
Ba3 {[%clk 00:18:08]} {[%emt 00:01:16]} Ne6 {[%clk 00:51:56]} {[%emt 00:00:56]}
31. Qc2 {[%clk 00:15:27]} {[%emt 00:03:10]} h5 {[%clk 00:50:07]} {[%emt
00:02:20]} 32. f4 {[%clk 00:06:24]} {[%emt 00:09:32]} Ba5 {[%clk 00:48:52]}
{[%emt 00:01:46]} 33. Bc5 {[%clk 00:04:59]} {[%emt 00:01:55]} Ng7 {[%clk
00:45:55]} {[%emt 00:03:28]} 34. Nc1 {[%clk 00:04:12]} {[%emt 00:01:17]} Qe6
{[%clk 00:45:44]} {[%emt 00:00:39]} 35. Qe2 {[%clk 00:03:29]} {[%emt 00:01:13]}
Ne8 {[%clk 00:43:31]} {[%emt 00:02:43]} 36. Nd3 {[%clk 00:02:48]} {[%emt
00:01:11]} Nf6 {[%clk 00:43:23]} {[%emt 00:00:38]} 37. Nf2 {[%clk 00:02:14]}
{[%emt 00:01:04]} Kg7 {[%clk 00:41:14]} {[%emt 00:02:41]} 38. Kh2 {[%clk
00:01:44]} {[%emt 00:00:57]} h4 {[%clk 00:40:41]} {[%emt 00:01:06]} 39. Qd3
{[%clk 00:00:37]} {[%emt 00:01:35]} Nh5 {[%clk 00:39:48]} {[%emt 00:01:24]} 40.
a3 {[%clk 00:00:34]} {[%emt 00:00:33]} Ng3 {[%clk 00:39:22]} {[%emt 00:00:56]}
41. Kg1 {[%clk 00:16:16]} {[%emt 00:14:46]} Bc7 {[%clk 01:05:39]} {[%emt
00:04:15]} 42. Qd2 {[%clk 00:13:39]} {[%emt 00:03:06]} g5 {[%clk 01:02:36]}
{[%emt 00:03:34]} 43. Nd3 {[%clk 00:08:37]} {[%emt 00:05:31]} gxf4 {[%clk
01:02:34]} {[%emt 00:00:34]} 44. exf4 {[%clk 00:05:47]} {[%emt 00:03:19]} Qe4
{[%clk 01:02:03]} {[%emt 00:01:01]} 45. Kf2 {[%clk 00:03:56]} {[%emt 00:02:19]}
Nh5 {[%clk 00:59:36]} {[%emt 00:02:59]} 46. Qe2 {[%clk 00:03:00]} {[%emt
00:01:26]} Nxf4 {[%clk 00:58:29]} {[%emt 00:01:37]} 47. Nxf4 {[%clk 00:02:23]}
{[%emt 00:01:07]} Bxf4 {[%clk 00:58:04]} {[%emt 00:00:55]} 48. Qxe4 {[%clk
00:01:40]} {[%emt 00:01:13]} fxe4 {[%clk 00:58:23]} {[%emt 00:00:11]} 49. a4
{[%clk 00:01:49]} {[%emt 00:00:20]} bxa4 {[%clk 00:58:22]} {[%emt 00:00:33]} 50.
bxa4 {[%clk 00:02:11]} {[%emt 00:00:08]} Kf6 {[%clk 00:57:50]} {[%emt
00:01:02]} 51. Ke2 {[%clk 00:01:50]} {[%emt 00:00:50]} Ke6 {[%clk 00:58:10]}
{[%emt 00:00:10]} 52. Kd1 {[%clk 00:01:03]} {[%emt 00:01:16]} Bd6 {[%clk
00:57:43]} {[%emt 00:00:58]} 53. Bb6 {[%clk 00:01:11]} {[%emt 00:00:21]} Kf5
{[%clk 00:54:05]} {[%emt 00:04:09]} 54. Ke2 {[%clk 00:01:03]} {[%emt 00:00:37]}
Kf4 {[%clk 00:53:57]} {[%emt 00:00:38]} 55. Ba7 {[%clk 00:00:34]} {[%emt
00:01:00]} Kg3 {[%clk 00:53:22]} {[%emt 00:01:05]} 56. Bc5 {[%clk 00:00:50]}
{[%emt 00:00:14]} Bc7 {[%clk 00:53:46]} {[%emt 00:00:06]} 57. Kf1 {[%clk
00:01:14]} {[%emt 00:00:06]} f5 {[%clk 00:48:58]} {[%emt 00:05:18]} 58. Be7
{[%clk 00:00:37]} {[%emt 00:01:07]} e3 {[%clk 00:47:59]} {[%emt 00:01:29]} 59.
Bf6 {[%clk 00:00:42]} {[%emt 00:00:25]} e2+ {[%clk 00:46:50]} {[%emt 00:01:40]}
60. Kxe2 {[%clk 00:00:42]} {[%emt 00:00:28]} Kxg2 {[%clk 00:47:10]} {[%emt
00:00:10]} 0-1

[Event "Tournoi International du Pays de Charleroi 2018"]
[Site "Roux, Belgium"]
[Date "2018.08.01"]
[Round "6.13"]
[White "Wiley, Tom"]
[Black "De Villers, Mourad"]
[Result "1/2-1/2"]
[WhiteElo "2207"]
[BlackElo "2117"]

1. d4 {[%clk 01:30:58]} {[%emt 00:00:02]} Nf6 {[%clk 01:30:42]} {[%emt
00:00:18]} 2. Bg5 {[%clk 01:31:23]} {[%emt 00:00:05]} c5 {[%clk 01:29:56]}
{[%emt 00:01:16]} 3. d5 {[%clk 01:31:39]} {[%emt 00:00:14]} Ne4 {[%clk
01:29:02]} {[%emt 00:01:23]} 4. Bf4 {[%clk 01:31:59]} {[%emt 00:00:10]} e6
{[%clk 01:27:52]} {[%emt 00:01:39]} 5. f3 {[%clk 01:31:42]} {[%emt 00:00:48]}
Bd6 {[%clk 01:27:05]} {[%emt 00:01:17]} 6. Bxd6 {[%clk 01:31:34]} {[%emt
00:00:39]} Nxd6 {[%clk 01:26:38]} {[%emt 00:00:56]} 7. e4 {[%clk 01:26:51]}
{[%emt 00:05:13]} O-O {[%clk 01:24:46]} {[%emt 00:02:22]} 8. Nc3 {[%clk
01:23:30]} {[%emt 00:03:51]} e5 {[%clk 01:16:26]} {[%emt 00:08:50]} 9. Nh3
{[%clk 01:18:52]} {[%emt 00:05:08]} b5 {[%clk 01:10:55]} {[%emt 00:06:01]} 10.
Qd2 {[%clk 01:17:08]} {[%emt 00:02:13]} b4 {[%clk 01:01:57]} {[%emt 00:09:28]}
11. Na4 {[%clk 01:14:41]} {[%emt 00:02:57]} Qa5 {[%clk 01:00:59]} {[%emt
00:01:28]} 12. b3 {[%clk 01:15:02]} {[%emt 00:00:09]} Ba6 {[%clk 00:43:32]}
{[%emt 00:17:57]} 13. Bxa6 {[%clk 00:58:28]} {[%emt 00:17:04]} Nxa6 {[%clk
00:43:28]} {[%emt 00:00:33]} 14. Nf2 {[%clk 00:58:54]} {[%emt 00:00:04]} c4
{[%clk 00:37:58]} {[%emt 00:06:00]} 15. O-O {[%clk 00:50:41]} {[%emt 00:08:42]}
Rac8 {[%clk 00:29:51]} {[%emt 00:08:37]} 16. a3 {[%clk 00:49:34]} {[%emt
00:01:38]} Rc7 {[%clk 00:22:15]} {[%emt 00:08:05]} 17. axb4 {[%clk 00:48:42]}
{[%emt 00:01:22]} Qxb4 {[%clk 00:15:51]} {[%emt 00:06:54]} 18. c3 {[%clk
00:47:37]} {[%emt 00:01:35]} Qb7 {[%clk 00:14:59]} {[%emt 00:01:21]} 19. b4
{[%clk 00:47:43]} {[%emt 00:00:25]} Nb5 {[%clk 00:12:26]} {[%emt 00:03:04]} 20.
Ng4 {[%clk 00:46:56]} {[%emt 00:01:16]} d6 {[%clk 00:12:09]} {[%emt 00:00:47]}
21. Ne3 {[%clk 00:46:44]} {[%emt 00:00:42]} Rfc8 {[%clk 00:11:47]} {[%emt
00:00:53]} 22. Ra2 {[%clk 00:42:06]} {[%emt 00:05:08]} Nxb4 {[%clk 00:08:59]}
{[%emt 00:03:18]} 23. cxb4 {[%clk 00:40:31]} {[%emt 00:02:05]} c3 {[%clk
00:09:03]} {[%emt 00:00:25]} 24. Qd3 {[%clk 00:30:39]} {[%emt 00:10:21]} Nd4
{[%clk 00:08:26]} {[%emt 00:01:07]} 25. Nc2 {[%clk 00:29:03]} {[%emt 00:02:06]}
Nxc2 {[%clk 00:08:12]} {[%emt 00:00:45]} 26. Qxc2 {[%clk 00:28:55]} {[%emt
00:00:37]} Qxb4 {[%clk 00:08:24]} {[%emt 00:00:18]} 27. Rd1 {[%clk 00:27:35]}
{[%emt 00:01:50]} h5 {[%clk 00:07:53]} {[%emt 00:01:01]} 28. Rd3 {[%clk
00:26:18]} {[%emt 00:01:47]} Rc4 {[%clk 00:07:45]} {[%emt 00:00:38]} 29. Ra1
{[%clk 00:25:59]} {[%emt 00:00:49]} R8c7 {[%clk 00:07:15]} {[%emt 00:01:01]} 30.
g3 {[%clk 00:24:37]} {[%emt 00:01:51]} g6 {[%clk 00:07:29]} {[%emt 00:00:15]}
31. Kg2 {[%clk 00:24:42]} {[%emt 00:00:26]} Kg7 {[%clk 00:07:35]} {[%emt
00:00:24]} 32. h4 {[%emt 00:01:39]} 1/2-1/2